Statistics for FC Schalke 04 22/23 squad

Click here to take the quiz!

General Stats

  • This quiz has been taken 225 times
    (45 since last reset)
  • The average score is 18 of 32

Answer Stats

#Player% Correct
1Ralf Fährmann
95%
9Simon Terodde
90%
2Thomas Ouwejan
83%
CoachThomas Reis
83%
11Marius Bülter
79%
10Rodrigo Zalazar
76%
34Michael Langer
74%
41Henning Matriciani
71%
25Moritz Jenz
71%
40Sebastian Polter
69%
6Tom Krauß
69%
4Maya Yoshida
67%
27Cédric Brunner
64%
30Alex Kral
62%
19Kenan Karaman
62%
35Marcin Kaminski
62%
24Dominick Drexler
60%
13Alexander Schwolow
57%
8Danny Latza
57%
5Sepp van den Berg
48%
20Tim Skarke
48%
38Soichiro Kozuki
45%
29Tobias Mohr
45%
23Mehmet Aydin
43%
26Michael Frey
43%
33Éder Balanta
38%
18Jere Uronen
38%
28Justin Heekeren
38%
3Leo Greiml
38%
21Niklas Tauer
29%
22Ibrahima Cissé
26%
15Timothée Kolodziejczak
12%

Score Distribution

Percentile by Number Answered

Percent of People with Each Score

Your Score History

You have not taken this quiz since the last reset